National Anthem of Egypt - بلادي بلادي بلادي (Biladi, Biladi, Biladi) - Statistics

General Stats
  • This quiz has been taken 5 times
  • The average score is 57 of 89
Answer Stats
Lyrics % Correct
Bilādī,
100%
bilādī,
100%
bilādī
100%
Bilādī,
100%
bilādī,
100%
bilādī
100%
Bilādī,
100%
bilādī,
100%
bilādī
100%
Bilādī,
100%
bilādī,
100%
bilādī
100%
bilādī
100%
Bilādī,
100%
bilādī,
100%
bilādī
100%
Bilādī,
100%
bilādī,
100%
bilādī
100%
bilādī.
100%
Bilādī,
100%
bilādī,
100%
bilādī
100%
Bilādī,
100%
bilādī,
100%
bilādī
100%
ḥubbī
100%
ḥubbī
100%
ḥubbī
100%
ḥubbī
100%
ḥubbī
100%
ḥubbī
100%
ḥubbī
100%
ḥubbī
100%
Laki
100%
Laki
100%
Laki
100%
Laki
100%
Laki
100%
Laki
100%
Laki
100%
Laki
100%
wa-fūʾādī
100%
wa-fūʾādī
100%
wa-fūʾādī
100%
wa-fūʾādī
100%
wa-fūʾādī
100%
wa-fūʾādī
100%
wa-fūʾādī
100%
wa-fūʾādī
100%
75%
75%
75%
ʾĀnti
50%
ʾanti
50%
Maṣri
50%
Maṣri
50%
Maṣri
50%
Wa-ʿalā
50%
ʾāyādī
25%
Kam
25%
kulli
25%
min
25%
ʾummi
25%
wa-l-murād
25%
ʾāǧlā
0%
ʾAwfiyāʾ
0%
ʾawlādik
0%
d-dahr
0%
durrah
0%
Fawqi
0%
ǧāyatī
0%
ǧurrah
0%
ḥarbun
0%
ḥurrah
0%
ʿīšī
0%
jibīni
0%
kirām
0%
l-ʾaʿādī
0%
l-ʿabād
0%
l-bilād
0%
li-Nīlik
0%
Naḥnu
0%
raǧma
0%
Wa-fidākī
0%
wa-salām
0%
Wa-slamī
0%
yarʿū
0%
z-zimām
0%
No matching quizzes found
Score Distribution
Percent of People with Each Score
Percentile by Number Answered
Your Score History
You have not taken this quiz